[Event "Japfa Classic"]
[Site "Bali"]
[Date "2000.04.22"]
[Round "1"]
[White "Timman, Jan H"]
[Black "Seirawan, Yasser"]
[Result "1/2-1/2"]
[WhiteElo "2655"]
[BlackElo "2647"]
[Annotator "Lukacs,P"]
[PlyCount "85"]
[EventDate "2000.04.22"]
[EventType "tourn"]
[EventRounds "9"]
[EventCountry "INA"]
[EventCategory "16"]
[SourceTitle "CBM 077"]
[Source "ChessBase"]
[SourceDate "2000.07.27"]
[SourceVersion "1"]
[SourceVersionDate "2000.07.27"]
[SourceQuality "1"]

1. e4 c6 2. d4 d5 3. Nd2 dxe4 4. Nxe4 Nd7 5. Ng5 Ngf6 6. Bd3 e6 7. N1f3 Bd6 8.
Qe2 h6 9. Ne4 Nxe4 10. Qxe4 Qc7 (10... Nf6 {is the other main line.}) 11. Qg4
Kf8 {Black cannot castle anymore, but this is his only problem. White's Q has
to lose some tempi as well.} 12. O-O c5 13. Qh4 b6 14. Be4 Rb8 15. Rd1 c4 {
Black wants to blockade the vital d5 square with his N.} 16. Ne5 Nf6 17. Bf3
Bb7 18. Bxb7 Rxb7 19. b3 {White has to open up the position for his rooks.}
cxb3 20. cxb3 Nd5 {The N is excellent on d5 blockading the isolated P.} 21. Bf4
Qe7 22. Qg3 {This line doesn't yield any advantage for White.} Nxf4 {At least
White has exchanged his "bad" B for the good N.} (22... Bxe5 {-
Sadvakasov-Karpov, VAM Hoogeveen 1999 CBM 74}) 23. Qxf4 Kg8 {/\ Kh7 with the
same idea is slower.} (23... g5 $5 {weakens a bit the position, but Black can
finish his development bringing his rooks into action.} 24. Qe4 Kg7 25. Rac1
Rc7 26. Nc6 Qf6 $11) 24. Qe4 (24. Rac1 Kh7 25. Qe4+ g6 (25... f5 26. Qe3 Bxe5
27. Qxe5 Rd8 28. Rc6 Rd5 29. Qxe6 Qxe6 30. Rxe6 Rbd7 {- 24.Qe4}) 26. Nc4 (26.
Nc6 Qg5 $11) 26... Rd8 $11 {and White has also some problems with his isolated
P.}) 24... f5 {at least provoking some weakness.} 25. Qe3 (25. Qc6 Kh7 (25...
Rc7 $2 26. Qa8+ Qf8 (26... Kh7 $4 {is a serious blunder because of} 27. Qxh8+
$18) 27. Qxf8+ Bxf8 28. Rac1 $14 {penetrating on the c <->.}) 26. Nc4 Rd8 27.
Re1 Rc7 28. Qf3 Qh4 29. Nxd6 Rxd6 $11 {and White has nothing.}) 25... Kh7 (
25... Bxe5 {is also enough for equality:} 26. dxe5 (26. Qxe5 Rd7 27. Re1 Qd6
28. Rad1 Kh7 $11) 26... Kh7 27. Rd6 Rc7 $11) 26. Rac1 Bxe5 ({or} 26... Rc7 27.
Rxc7 Qxc7 (27... Bxc7 28. Re1 Qd6 29. Qg3) 28. Rc1 Qe7 29. Rc6 Rd8 30. g3 (30.
Nc4 $2 Bc5 $1 {with back rank motifs.}) 30... Bxe5 31. Qxe5 Rd5 $11 {and dead
draw.}) 27. Qxe5 (27. dxe5 Rd7 $11) 27... Rd8 28. Rc6 Rd5 29. Qxe6 Qxe6 30.
Rxe6 Rbd7 31. Kf1 Rxd4 32. Rxd4 Rxd4 $11 {The R _|_ is an easy draw.} 33. Re7 (
33. Ke2 Rd7 $11) 33... a5 34. Ke2 (34. Re6 Rb4 35. Ke2 a4 $11) 34... a4 35. Re3
axb3 36. axb3 Rd6 37. Rd3 Rc6 38. Kd2 Kg6 39. h4 Kh5 40. Rd4 Rf6 41. Ke3 g5 42.
hxg5 hxg5 43. g3 1/2-1/2

[Event "Bermuda m"]
[Site "Bermuda"]
[Date "2000.02.14"]
[Round "7"]
[White "Adams, Michael"]
[Black "Seirawan, Yasser"]
[Result "1/2-1/2"]
[WhiteElo "2715"]
[BlackElo "2647"]
[Annotator "Lukacs,P"]
[PlyCount "50"]
[EventDate "2000.02.08"]
[EventType "match"]
[EventRounds "8"]
[EventCountry "BER"]
[SourceTitle "CBM 076"]
[Source "ChessBase"]
[SourceDate "2000.05.31"]
[SourceVersion "1"]
[SourceVersionDate "2000.05.31"]
[SourceQuality "1"]

1. e4 c6 2. d4 d5 3. Nd2 dxe4 4. Nxe4 Nd7 5. Ng5 Ndf6 {This sophysticated idea
was always a side-line. Black opens up the /^ for his B, but his other N
remains undeveloped for a while.} (5... Ngf6 {is the main variation.}) 6. N1f3
Bg4 {Now Black can activate his "bad" B.} 7. Be2 (7. Bc4 e6 8. h3 Bh5 9. g4 Bg6
10. Ne5 Bd6 11. Nxg6 hxg6 12. Qe2 Nd5 13. Bd2 Be7 14. Nf3 Ngf6 15. O-O-O Nd7
16. Bb3 $14 {with an active position for White plus the ^^.}) (7. h3 Bxf3 8.
Nxf3 e6 9. Bd3 (9. g3 $5 {White wants to fianchetto his B against the central
push c5, after which the B works well on the long /^.} Bd6 10. Bg2 Ne7 11. O-O
O-O 12. Qe2 Qc7 13. c4 b6 14. b3 Rad8 15. Bb2 {Both bishops have their
perspective on the long diagonals.} Rfe8 16. Rad1 Nd7 17. Ng5 Ng6 18. Qf3 Nb8
19. h4 $14 {with an advantage in the [+], De Firmian-Fernandes, New York op
1993.}) (9. Be2 Bd6 10. O-O Ne7 11. c4 O-O 12. Qc2 Ng6 13. Re1 Rc8 14. Be3 Re8
15. Bf1 $14 {Ziska-Pedersen, DEN-chB 1992}) 9... Bd6 10. O-O Ne7 11. c4 Qc7 (
11... O-O 12. Bg5 Nd7 13. Qe2 Re8 14. Rab1 {/\ b4 with play on the <<.} a5 15.
Rfd1 Qc7 16. a3 Ng6 17. Qc2 Bf4 18. Bxf4 Qxf4 {The exchange of the bishops
cannot be bad for Black.} 19. Re1 {with only slightly better chances for White,
Van den Doel-Campbell, Isle of Man op 1997.}) 12. b3 Ng6 13. Bxg6 hxg6 14. Qe2
Rh5 (14... O-O $5) (14... O-O-O $5) 15. Bb2 Kf8 16. Rad1 b5 {Black is playing
too aggressively here.} 17. Ne5 bxc4 18. Qxc4 Rc8 19. Rc1 $16 {>< c6 which was
created by Black himself, Nevednichy-Iordachescu, ROM-chT Sovata 1998.}) (7. c3
{/\ Qb3 is not aggressive enough.} e6 (7... h6 8. Nh3 e6 (8... Bxh3 $5) 9. Nf4
Bd6 10. h3 Bf5 11. Nd3 Ne7 12. Nde5 {This was an interesting N manoeuvre.} O-O
13. Bc4 c5 14. Qe2 cxd4 15. Nxd4 Ng6 16. Ng4 Re8 17. Bb3 Nf4 18. Bxf4 Bxg4 19.
hxg4 Bxf4 20. g3 e5 $2 21. Ne6 $1 $16 {This is the point! Black has only
weakened his own position, Smirin-Kumaran, Oviedo rapid 1993.}) 8. Qb3 Bxf3 9.
Nxf3 Qb6 (9... Rb8 10. Bc4 Bd6 11. Bg5 Ne7 12. h4 Nfd5 13. g3 b5 {This weakens
Black's P structure.} 14. Bd3 Qc7 15. Qd1 h6 16. Bd2 Nf6 17. Qe2 $14 {
Kruppa-Kovalev, Kherson 1990}) 10. Ne5 Ne7 11. Nc4 Qxb3 (11... Qc7 $2 {is a
big blunder:} 12. Qxb7 $18 {Ponomariov-Kovalev, Kherson 1990}) 12. axb3 Ned5
13. b4 $14 {and White has the ^^ and his pawns can be better mobilized.}) 7...
Bxf3 8. Nxf3 (8. Bxf3 e6 9. O-O Bd6 10. g3 Ne7 11. b3 O-O 12. c4 Nf5 (12... h6
13. Ne4 Nxe4 14. Bxe4 e5 15. Bb2 $14 {^^}) (12... Qa5 $6 13. a3 {and the Q has
only problems here.} Rad8 14. Qe2 Nf5 15. Bd2 Qa6 16. Bc3 Bb8 17. Rfd1 Qb6 18.
Qb2 Rd7 19. Ne4 Nxe4 20. Bxe4 Rfd8 21. c5 Qc7 {The Q has lost too many tempi,
the punishment is close!} 22. d5 $1 $18 {opening up the long /^,
Chandler-Ledger, BCF-chT 1997.}) 13. Bb2 Bc7 14. Bg2 Bb6 15. Nf3 Qd7 {and
Black has some pressure against >< d4.}) 8... e6 9. O-O Bd6 10. Re1 (10. Bg5 {
White has to keep the ^^, but here the B can easily be exchanged.} Ne7 11. c4
Ng6 12. d5 exd5 13. cxd5 h6 14. Bxf6 Qxf6 15. dxc6 bxc6 {Black has got some
weaknesses on the <<, but he has play on the dark squares because of thr ^-.}
16. Qd4 (16. Qc2 O-O) 16... Ne5 17. Rad1 Rd8 18. Nxe5 Qxe5 $11 {Gligoric-Rabar,
JUG-ch Belgrade 1948}) (10. c4 Ne7) 10... Ne7 {Black's position is a bit
passive, but rather safe.} 11. Bd3 (11. c4 O-O 12. b3 Bb4 $1 {gaining a vital
tempo.} 13. Bd2 Bxd2 14. Qxd2 Nf5 $11 {and White has lost his ^^.}) 11... O-O (
11... Ng6 12. Bg5 O-O {- 11....0-0 12.Bg5 Ng6} (12... h6 {allows the brave} 13.
Rxe6+ $1 (13. Bxg6 $6 hxg5 14. Rxe6+ $2 Kf8 $17) 13... fxe6 14. Bxg6+ Kf8 15.
Bh4 $44 {with a good compensation in view of the bad K.})) 12. Bg5 Qc7 (12...
Ng6 13. Ne5 $1 (13. c4 c5 14. Be4 {is simply answered by} Rb8) 13... c5 (13...
Be7 14. c3 Nxe5 15. dxe5 Nd5 16. Bxe7 Qxe7 17. Qg4 Rad8 18. Rad1 $14 {with
some space advantage on the >>.}) (13... Qc7 $5 14. Bxg6 hxg6 15. Qf3 Bxe5 16.
dxe5 Nd7 17. Qe4 (17. Rad1 {is bravely met by} Nxe5 $1 18. Qg3 f6 19. Bf4 Rad8
20. Rxd8 (20. Bxe5 Qxe5 $1) 20... Rxd8 21. Bxe5 Qxe5 22. Qxe5 fxe5) 17... a5
18. Rad1 $14 {with threats on the d <->.}) 14. Bxg6 $1 (14. Bxf6 gxf6) 14...
hxg6 15. dxc5 Bxc5 16. Qf3 $14 {with a slight _|_ advantage.}) 13. g3 ({
Crisper is} 13. Ne5 $142 Ng6 {- 12....Ng6} (13... c5 $6 {allows the destroying
of the >>.} 14. Bxf6 gxf6 15. Qh5 $1 Ng6 (15... f5 $6 16. Nf3 $1 (16. Re3 Bxe5
17. dxe5 (17. Rh3 $6 {leads nowhere after} Rfd8 18. Qxh7+ Kf8 19. dxe5 Qxe5)
17... Ng6 ({but not} 17... Nd5 18. Rh3 f6 19. Qh6 $1) 18. Bc4 Rfd8 19. Rae1 (
19. Rh3 Qxe5 20. Qxh7+ Kf8 {and Black defends himself successfully.}) 19... Rd4
20. b3 Rad8 21. Rh3 Nf8 $13 {and White's dreams of -> cannot be realized.})
16... Nd5 (16... Bf4 $2 17. g3 $18) (16... Ng6 $2 17. Ng5 Kg7 18. Rxe6 $1 $18)
17. Ng5 Nf6 18. Qh6 Qd8 19. d5 $1 $16) 16. Ng4 f5 (16... cxd4 17. Nxf6+ Kg7 18.
Ng4 f5 19. Rxe6 $1 {The black K cannot escape!} fxg4 20. Bxg6 $18) 17. dxc5 Bf4
(17... Bxc5 18. Nf6+ Kg7 19. Rxe6 $1 {opening the seventh rank!} Bxf2+ 20. Kh1
Rh8 21. Nd5 $16) 18. g3 fxg4 19. gxf4 Qxf4 20. Re4 Qc7 21. Rxg4 f5 22. Rg3 Qxc5
23. Rxg6+ $1 {and the -> crushes through.} hxg6 24. Qxg6+ Kh8 25. Qh6+ Kg8 26.
Re1 $18) (13... Bxe5 14. dxe5 Nfd5 15. c4 Nb4 16. Bb1 $14 {and the bishops
dominate over the knights.})) 13... c5 14. c3 (14. Bxf6 {now is less effective.
} gxf6 15. dxc5 Bxc5 16. Qe2 f5 $11) 14... Rad8 15. Qc2 (15. Bxf6 {is again
not so dangerous.} gxf6 16. Qd2 Kg7 $11) 15... h6 16. Bxf6 gxf6 {Now Black has
nothing to fear, White cannot make profit from the weaknesses on the >>
because of the ^-.} 17. Qd2 (17. dxc5 Bxc5 (17... Qxc5 18. Rad1 Nc6 19. Qa4 f5
20. Qh4 Kg7 21. Qh5) 18. Rad1 f5 $11) 17... Kg7 18. Rad1 cxd4 19. Nxd4 Bc5 20.
Nf3 (20. Nb3 Bb6 21. Qe2 f5 $11) 20... Ng6 21. Qe2 f5 22. Ne5 {liquidating for
a draw.} Nxe5 23. Qxe5+ Qxe5 24. Rxe5 b6 25. Ree1 Kf6 1/2-1/2

[Event "Dos Hermanas 10th"]
[Site "Dos Hermanas"]
[Date "1999.04.10"]
[Round "4"]
[White "Anand, Viswanathan"]
[Black "Karpov, Anatoly"]
[Result "1/2-1/2"]
[WhiteElo "2780"]
[BlackElo "2710"]
[Annotator "Lukacs,P"]
[PlyCount "49"]
[EventDate "1999.04.06"]
[EventType "tourn"]
[EventRounds "9"]
[EventCountry "ESP"]
[EventCategory "19"]
[SourceTitle "CBM 071"]
[Source "ChessBase"]
[SourceDate "1999.08.01"]
[SourceVersion "1"]
[SourceVersionDate "1999.08.01"]
[SourceQuality "1"]

1. e4 c6 2. d4 d5 3. Nc3 dxe4 4. Nxe4 Nd7 5. Ng5 Ngf6 6. Bd3 e6 7. N1f3 Bd6 8.
Qe2 h6 9. Ne4 Nxe4 10. Qxe4 Qc7 11. Qg4 Kf8 12. Nd2 $6 {[#]} (12. Be3 {- J.
Polgar-Karpov, Budapest m 30' rapid 1998 CBM 65}) (12. O-O {looks more natural.
} b6 {Yandemirov-Kharitinov, RUS-Cup2 Moscow CBM 56}) 12... e5 $1 {This seems
to be the best reply, after which it is far from easy to find any advantage
for White.} (12... Nf6 13. Qh4 e5 14. dxe5 Bxe5 15. O-O $14 {/\ Nc4}) 13. Nc4
Nc5 $1 14. Qg3 Nxd3+ 15. cxd3 (15. Qxd3 {is less exciting:} Be6 16. dxe5 Bxe5
17. Nxe5 Qxe5+ 18. Be3 Qxb2 19. O-O Qb5 20. Qxb5 cxb5 21. Rfe1 a6 22. a4 Bf5
23. axb5 Rc8 {1/2:1/2 Ljubojevic-Karpov, Amber Blinfold 1993}) 15... f6 (15...
Bb4+ $5 16. Bd2 Bxd2+ 17. Kxd2 (17. Nxd2 Qb6 $1 $15) 17... Be6 18. Qxe5 Qd7 19.
Qd6+ Qxd6 20. Nxd6 Rb8 $44 {/\ Ke7 and Black has compensation for the P in the
_|_, because the double d pawns cannot pose a serious threat.}) 16. Bd2 (16.
O-O Be6 17. dxe5 Bxe5 18. Nxe5 Qxe5 19. Bf4 $5 (19. Qxe5 fxe5 20. Re1 Rd8 21.
Rxe5 Kf7 {In this _|_ with ^- Black has sufficient counterplay because of the
isolated d P.} 22. Re3 (22. Be3 Rxd3 23. Bxa7 Ra8 $11) 22... Bf5 23. Rf3 Kg6
$11) 19... Qd5 20. Rfe1 Kf7 21. Re4 Bf5 22. Re3 Rhe8 23. Rae1 Qxd3 $1 (23...
Rxe3 24. Rxe3 Be6 25. Bb8 Qd8 $11) 24. h3 {(Zagrebelny-Abdulla, Asia-ch Tehran
1998)} Qd7 $1) 16... Be6 17. Nxd6 (17. dxe5 Bxe5 $11) 17... Qxd6 18. Bc3 Rd8
19. O-O Kf7 $1 {Black has fully equalized because of the ^-.} (19... exd4 $4
20. Qxd6+ Rxd6 21. Bb4 $18) 20. dxe5 Qxd3 21. exf6 gxf6 (21... Qxg3 $2 22. fxg3
$1) 22. Qh4 Qg6 23. f3 Rhg8 24. Rf2 Qg5 25. Qxg5 1/2-1/2

[Event "Linares 17th"]
[Site "Linares"]
[Date "2000.02.28"]
[Round "1"]
[White "Leko, Peter"]
[Black "Anand, Viswanathan"]
[Result "1/2-1/2"]
[WhiteElo "2725"]
[BlackElo "2769"]
[Annotator "Lukacs,P"]
[PlyCount "77"]
[EventDate "2000.02.28"]
[EventType "tourn"]
[EventRounds "10"]
[EventCountry "ESP"]
[EventCategory "21"]
[SourceTitle "CBM 076"]
[Source "ChessBase"]
[SourceDate "2000.05.31"]
[SourceVersion "1"]
[SourceVersionDate "2000.05.31"]
[SourceQuality "1"]

1. e4 c6 2. d4 d5 3. Nc3 dxe4 4. Nxe4 Nd7 5. Ng5 Ngf6 6. Bd3 e6 7. N1f3 Bd6 8.
Qe2 h6 9. Ne4 Nxe4 10. Qxe4 Qc7 11. Qg4 Kf8 {This idea is still in the focus
of interest. Black has some problems with developing the R on h6, but White
has to lose some tempi with his Q as well.} 12. O-O c5 13. c3 (13. Qh4 b6 (
13... Be7 $6 14. Bg5 {Now White can exchange his undeveloped B.} Qd8 15. Bxe7+
Qxe7 16. Qg3 {White certainly has to avoid the exchange of queens.} g6 {/\ Kg7}
17. Rfe1 {/\ d5} Nf6 18. dxc5 Qxc5 19. Ne5 g5 (19... Kg7 $4 20. Bxg6 $18) 20.
Rad1 $14 {and Black has serious problems with his development,
Sivokho-Barwinski, Polanica Zdroj op 1999.}) (13... c4 $5 {Black wants to
build up a stronghold on d5.} 14. Be2 b5 {/\ Bb7} 15. a4 b4 $1 16. Bxc4 g5 $1 {
Now Black can get back the P.} (16... Bb7 {allows White to hold the P,
although Black has some activity for it.} 17. Nd2 Nf6 18. Bd3 Bd5 19. Qh3 Rd8
20. Re1 Kg8 {(Kummerov-Speelman, Bundesliga 1998)} 21. c4 $1 bxc3 22. bxc3 e5 (
22... Qxc3 $4 23. Bh7+) 23. Bf5 $5 $14) (16... Qxc4 $4 17. Qd8#) 17. Qe4 ({Both
} 17. Bxg5 $2 Qxc4 18. Bxh6+ Ke8) ({and} 17. Nxg5 $2 Qxc4 18. Qh5 e5 {are
incorrect sacrifices.}) 17... Bb7 18. Qe2 {(Sleich-Pachmann, CzE-chT 1997)}
Bxf3 $1 19. Qxf3 Bxh2+ {winning back the P.} 20. Kh1 Qxc4 21. Qxa8+ Kg7 {
is satisfactory for Black.}) 14. Be4 (14. c3 {- 13.c3}) 14... Bb7 (14... Rb8
15. Rd1 $5 (15. Bg5 {- Eismont-Gutov, RUS-Cup 1996 CBM 56}) 15... Ba6 (15... c4
{- Sadvakasov-Karpov, Hoogeveen 3rd 1999 CBM 74}) 16. c3 Nf6 17. dxc5 bxc5 18.
Bd3 Bb7 19. Nd2 g5 20. Qh3 Kg7 21. Nc4 Bf4 22. Bxf4 Qxf4 23. Qe3 Rhd8 $11 {
Ramesh-Sashikiran, IND-ch Nagpur 1999}) 15. Bxb7 (15. c3 {- 13.c3}) 15... Qxb7
{Topalov-Timman, Elista ol 1998 CBM 66 ext}) (13. Re1 b6 {- Vorobiov-Gutov,
Club Cup 1998 CBM 66}) 13... b6 (13... e5 $6 {opens up the position only for
the white pieces.} 14. Qh4 exd4 15. cxd4 c4 16. Bc2 b5 {Black has no time to
organize a successful blockade on d5.} 17. Re1 Bb7 18. Be4 Be7 19. Bg5 $1 Nf6
20. Bxb7 Qxb7 21. Re2 Rg8 22. Bd2 Nd5 23. Qh5 $16 {and the R on g8 is still
buried, Marjanovic-Ciora, Bucharest Cup GM 1998.}) 14. Qh4 Bb7 15. Be4 Bxe4 (
15... Be7 16. Bg5 $1 Bxg5 (16... Nf6 17. Bxb7 Qxb7 18. Rad1 Kg8 19. Bc1 Kh7 20.
Ne5 Rhf8 {finally Black has finished his development.} 21. dxc5 bxc5 22. Rd3 {
Now White wants to invade the d <->.} Rad8 23. Rxd8 Bxd8 24. Rd1 Be7 25. h3 Qc7
(25... Ne4 $5 26. Qh5 Bd6) (25... Qa6 $2 {is met by the witty} 26. Nd7 $1 Rc8
27. Bxh6 $1 Qe2 28. Bc1+ Kg8 29. Nxf6+ Bxf6 30. Qg4 $16 {winning a healthy P,
Ekstroem-Speelman, WchT 4th Luzern 1997.}) 26. Nd7 {This looks nice, but after
the cold-blooded} (26. Qg3 Qb7) 26... Rd8 $1 $11 {White has no advantage at
all.}) 17. Nxg5 Nf6 (17... hxg5 $5 {seems to be the clear-cut solution now.}
18. Qxh8+ Ke7 19. Qxa8 (19. Qxg7 $5 Bxe4 20. Qxg5+ Nf6 21. f3 {is interesting
with R and two pawns versus two pieces.}) (19. Qh7 $2 Nf6) 19... Bxa8 20. Bxa8
Nf6 21. Rad1 Qc8 22. Bf3 Qa6 {and although White has two rooks versus the Q,
Black's pieces are rather active, Madl-Molnar, Budapest FS11 1997.}) 18. Bxb7
Qxb7 19. Nf3 $11 {1/2:1/2 Andreev-Galkin, Rotterdam 1998.}) 16. Qxe4 Ke7 (16...
Rd8 17. Re1 (17. h3 Kg8 18. Rd1 Nf6 19. Qc2 c4 {creating the stronghold on d5.}
20. b3 Nd5 21. Bb2 b5 $13 {and the N is very strong on d5, Z.Almasi-Palac,
Vienna op 1996.}) (17. dxc5 Nxc5 18. Qe2 Ke7 $11 {and the black K is
relatively safe in the [+], Illescas-Karpov, Dos Hermanos 1997 CBM 59.}) 17...
Nf6 18. Qh4 Ke7 19. Qh3 g5 {Black is very aggressive now.} 20. dxc5 bxc5 21.
Nd2 h5 22. Nc4 Bf4 {(Z.Almasi-Speelman, Yerevan ol 1996)} 23. Bxf4 $1 gxf4 (
23... Qxf4 24. Ne5 $14) 24. Ne5 $14 {and Black's pawns are rather weak,
Lempert.}) 17. dxc5 bxc5 (17... Nxc5 18. Qg4 Rhg8 (18... g5 {is strongly met by
} 19. h4 $1) 19. Rd1 $14) (17... Qxc5 18. Rd1 $1 (18. Bf4 {simplyfies matters
only.} Bxf4 19. Qxf4 Rhd8 $11) 18... Rhd8 19. Be3 Qc7 20. Bd4 Kf8 21. Qh7 $1 {
This penetration is rather nasty, is the R's real place on h8?!} e5 22. Nh4 Nf6
23. Qh8+ Ng8 24. Nf5 $16) 18. Re1 (18. Rd1 Nf6) 18... Nf6 19. Qe2 Rhd8 (19...
Nd5 20. c4 (20. g3 Rhd8 21. c4 Nb4 22. a3 Nc6 23. Bd2 {/\ Bc3} Kf8 24. Bc3 Re8
25. Qe4 (25. Rad1 $5) 25... Kg8 26. Qg4 e5 27. Nh4 Kh7 28. Nf5 g6 $13 {
Hossain-De Wachter, Wch U20 Calicut 1998}) 20... Nf6 (20... Nf4 21. Qe4 $14) (
20... Nb4 21. b3 {/\ Bb2} Rhd8 22. Rd1 (22. Bb2 {immediately is met by} Nd3 $1
23. Red1 Nxb2 24. Qxb2 Kf8 $11) 22... Kf8 {and only now comes} 23. Bb2 $14 {
and the B is very strong on the long /^.})) 20. h3 (20. Qc4 Kf8 21. Qh4 Nd7 22.
Bxh6 gxh6 23. Qxh6+ Kg8 24. Qg5+ $11 {yields no more than a draw.}) 20... Kf8
21. Nd2 {White wants to put his N on c4, but this plan is a bit slow.} (21. c4
$5 {fixing the weakness on c5 and preparing to bring the B to the long /^
comes into consideration.} Rd7 22. b3 Rad8 23. Bb2 Kg8 24. Rad1 $14) 21... Bh2+
(21... Rd7 22. Nc4 Rad8 23. Nxd6 Qxd6 24. c4 Kg8 25. b3 {/\ Bb2}) 22. Kh1 Bf4
$1 (22... Bd6 {is passive because of} 23. Nc4 $14) 23. Nc4 Bxc1 24. Raxc1 Rd5 (
24... Qf4 25. Rcd1) 25. Ne3 {The N has left his ideal position.} Rd7 26. Rcd1
Rad8 27. Rxd7 Rxd7 28. Kg1 {Now White has really nothing.} (28. Nc4 Qf4) 28...
Nd5 29. Nc4 (29. Nxd5 Rxd5 $11) 29... Nb6 (29... Nf4 $5 {comes into
consideration, for example:} 30. Qf3 (30. Qe4 f6 31. Qh7 e5 {and the Q cannot
find a real target.}) 30... f6 31. Kh1 e5 32. g3 Rd3 $1) 30. Ne5 Rd6 31. Qe4
Kg8 32. g3 c4 $1 ({or first} 32... Rd2 33. Re2 Rd1+ 34. Kh2 {and then} c4 $1)
33. Qf4 Rd5 (33... f6 $5 34. Nf3 (34. Ng6 e5 35. Qf5 Qd7) 34... e5 35. Qe4 Na4
$132) 34. Re4 Rb5 (34... Rd1+ $1 35. Kh2 Qb7 $15 {and now already White has to
defend himself.}) 35. Nxc4 $11 {liquidating for a drawish R _|_.} Qxf4 36. Rxf4
Nxc4 37. Rxc4 Rxb2 38. Ra4 Rc2 39. Rxa7 1/2-1/2